| 000 | 00853nam a2200217 i 4500 | ||
|---|---|---|---|
| 001 | 145120 | ||
| 003 | ES-MaACL | ||
| 005 | 20250809095021.0 | ||
| 007 | t| | ||
| 008 | 070214s1960 sp |||| | spa d | ||
| 245 | 0 | 0 |
_aSonetos / _cescogidos por Leandro Fernández de Moratín ; prólogo y notas por Joaquín de Entrambasaguas. |
| 260 |
_aMadrid : _bJunta Técnica de Archivos, Bibliotecas y Museos, _c1960 ( _eValencia : _fTip. Moderna) |
||
| 300 |
_a279 p., 2 lám. ; _c18 cm. |
||
| 650 | 4 |
_aSonetos españoles. _917229 |
|
| 650 | 7 |
_aPoesías españolas _2embne _916214 |
|
| 700 | 1 |
_aFernández de Moratín, Leandro, _d1760-1828 _949695 |
|
| 700 | 1 |
_aEntrambasaguas, Joaquín de, _d1904-1995 _947309 |
|
| 710 | 2 |
_aJunta Técnica de Archivos, Bibliotecas y Museos (España) _95423 |
|
| 852 | 4 |
_aES-MaACL _jE-6181 |
|
| 999 |
_c145120 _d145120 |
||